00658nam a2200145 a 450000100100000000500170001000800410002704000250006808200160009310000240010924500790013326000520021230000200026450002280028400002814320200930031402.0110407s1981 dr 000 0 spa d aDO-SdBNPbspacBNPHU axxxxbF363e1 aFernández, Aleyda10aEnrique Jiménes Moya :bcomandante de la libertad /cAleyda Fernández. aSanto Domingo :bFundación Testimonio,c1981. a18 p. ;c20 cm. aTrabajo publicado el 14 de mayo de 1979 en " El Sol". Ganó el 3er. Premio del concurso periodistico auspiciado por la Fundación Héroes de Constanza, Maimón y Estero hondo, al cumplirse el 20 aniversario de la gesta.